Orden y ministerios

Gespeichert in:
Bibliographische Detailangaben
1. Verfasser: Arnau-García, Ramón (VerfasserIn)
Format: Buch
Sprache:Spanisch
Veröffentlicht: Madrid Biblioteca de Autores Cristianos 1995
Schriftenreihe:Sapientia Fidei. Serie de Manuales de Teología, 11
Schlagworte:
Tags: Tag hinzufügen
Keine Tags, Fügen Sie den ersten Tag hinzu!

MARC

LEADER 00000nam a2200000 a 4500
001 UCL3141
003 CL-VaPUC
008 031114e19950000SP |||||||||||||||||spa|d
020 |a 8479141859 
082 0 4 |a 253.2  |b ARN  |2 21 
100 0 |a Arnau-García, Ramón  |e author  |9 480377 
245 1 0 |a Orden y ministerios 
300 |a 297 p 
942 |c BK 
945 |d 20031114 00:00:00  |a cmena 
260 |a Madrid  |b Biblioteca de Autores Cristianos  |c 1995 
650 0 |a Sacerdocio  |9 319738 
650 0 |a Teología cristiana  |9 308336 
650 0 |a Teología dogmática   |9 313198 
650 0 |a Biblia  |9 257603 
650 0 |a Patrística  |9 322007 
650 0 |a Sacramentos   |9 257270 
583 |a last modification  |c 20031114 00:00:00  |k Rodrigo Vera 
490 0 |a Sapientia Fidei. Serie de Manuales de Teología, 11 
999 |c 306268  |d 306266 
952 |0 0  |1 0  |4 0  |6 253_200000000000000_ARN_1995  |7 0  |8 A  |9 371171  |a BIBTEO  |b BIBTEO  |d 2019-11-21  |i 3959082  |o 253.2 ARN 1995  |p 3959082  |r 2025-01-17  |w 2019-11-21  |y BK  |k ICR 
952 |0 0  |1 0  |4 0  |6 253_200000000000000_ARN_1995  |7 0  |8 A  |9 371172  |a BIBTEO  |b BIBTEO  |d 2019-11-21  |i 4124162  |o 253.2 ARN 1995  |p 4124162  |r 2025-01-17  |w 2019-11-21  |y BK  |k ICR 
952 |0 0  |1 0  |4 0  |6 253_200000000000000_ARN_1995  |7 0  |8 A  |9 371173  |a BIBTEO  |b BIBTEO  |d 2019-11-21  |i 4141083  |l 1  |o 253.2 ARN 1995  |p 4141083  |r 2025-01-17  |s 2023-10-13  |w 2019-11-21  |y BK  |k ICR 
952 |0 0  |1 0  |4 0  |6 253_200000000000000_ARN_1995  |7 0  |8 A  |9 371174  |a BIBTEO  |b BIBTEO  |d 2019-11-21  |i 4272625  |l 1  |o 253.2 ARN 1995  |p 4272625  |r 2025-01-17  |s 2022-11-23  |w 2019-11-21  |y BK  |k ICR 
952 |0 0  |1 0  |4 0  |6 253_200000000000000_ARN_1995  |7 0  |8 A  |9 371175  |a BIBTEO  |b BIBTEO  |d 2019-11-21  |i 4272633  |l 4  |o 253.2 ARN 1995  |p 4272633  |r 2025-01-17  |s 2023-10-10  |w 2019-11-21  |y BK  |k ICR